000 00360nam a2200157Ia 4500
003 Ost
005 20260225132541.0
008 260225s9999||||xx |||||||||||||| ||und||
040 _cfsic
041 _afre
082 _a658.3
100 _aR.vaney
_eAuteur
245 0 _aOrganisation et adaptation à l'environement /
245 0 _cR.vaney
942 _cكتاب
999 _c33490
_d33490